Statistics for Guess the Country by the Picture in 30 seconds

Click here to take the quiz!

General Stats

  • This quiz has been taken 23 times
  • The average score is 7 of 8

Answer Stats

Answer% Correct
Egypt
100%
Australia
95%
Japan
95%
Germany
81%
United Kingdom
81%
United States
81%
Brazil
76%
Mexico
76%

Score Distribution

Percentile by Number Answered

Percent of People with Each Score

Your Score History

You have not taken this quiz